| 000 | 01296cam a22002651i 4500 | ||
|---|---|---|---|
| 003 | SA-RiAUC | ||
| 005 | 20250418133720.0 | ||
| 008 | 250130s1959 ua g 000 0 ara c | ||
| 040 |
_aSA-JeALM _bara _cSA-RiAUC _erda |
||
| 082 | 0 | 4 | _a259 |
| 090 |
_a259 _b ج ل ا |
||
| 100 | 1 |
_aالجلال السيوطي، عبد الرحمن بن أبي بكر بن محمد، _d849-911 هجري _eمؤلف. |
|
| 245 | 1 | 2 |
_aالحاوي للفتاوى في الفقه وعلوم التفسير والحديث والأصول والنحو والإعراب وسائر الفنون / _cجلال الدين السيوطي ؛ تحقيق محمد محيي الدين عبد الحميد. |
| 250 |
_aالطبعة الثالثة. _bمزيدة ومنقحة |
||
| 264 | 3 |
_aالقاهرة : _bمطبعة السعادة _bمحمد محي الدين عبدالحميد _c1959 |
|
| 300 |
_a2 مجلد _c24 سم |
||
| 336 |
_aنص _btxt _2rdacontent _3كتاب |
||
| 337 |
_aبدون وسيط _bn _2rdamedia |
||
| 338 |
_aمجلد _bnc _2rdacarrier |
||
| 650 | 7 |
_aالإسلام _vمتفرقات _2aucsh |
|
| 650 | 7 |
_aالفقه الإسلامي _2aucsh |
|
| 700 | 1 |
_aعبد الحميد، محمد محيي الدين، _d1318-1393 هجري _eمحقق. |
|
| 942 |
_2ddc _cBOOK _n0 |
||
| 949 |
_aSA-JeALM _d250130 _uosman123 _n1 |
||
| 999 |
_c7163 _d7163 |
||